| 000 | 00672nam a22001937a 4500 | ||
|---|---|---|---|
| 005 | 20250327120105.0 | ||
| 010 | _aENG-144299 | ||
| 020 |
_c350.00 _a9789394899919 |
||
| 035 | _aEN-127831 | ||
| 037 | _bDBAD/PUB | ||
| 082 | _a006.31 | ||
| 100 |
_aLakshmi S. Jothi _979967 |
||
| 245 |
_aMACHINE LEARNING AND DATA SCIENCE FOR BEGINNERS/ _cS. Jothi Lakshmi _hEnglish |
||
| 260 |
_aTamil Nadu _bShanlax Publications _c2022 |
||
| 270 |
_bTamil Nadu _aVasantha Nagar, Madurai Tamil Nadu _e625003 |
||
| 300 |
_a256 (p) _c24cm(pb) |
||
| 700 |
_aS. Jothi Lakshmi ,G.Ganesh Kumar , A Stephen Rufus And D. Vikneshkumar _979968 |
||
| 942 |
_2ddc _cEN _h006.31 _mLAK |
||
| 999 |
_c210538 _d210538 |
||